000
00291nam a2200121 a 4500
005
20141022141959.0
008
120229s19uu xx 00 eng d
050
_a
CD
_b
R99 2009
100
_a
Rysinger, Lisa
245
_a
Final Cut Pro 6 /
_c
Lisa Rysinger.
260
_c
2009.
942
_c
AVM
999
_c
276162
_d
276162